| 000 | 00879nam a2200253 i 4500 | ||
|---|---|---|---|
| 001 | bg | ||
| 245 | 0 | 0 |
_aPodstawy elektroniki : _blaboratorium / _cJanusz Grzelka [et al.] ; Politechnika Częstochowska. Wydział Inżynierii Mechanicznej i Informatyki. |
| 260 |
_aCzęstochowa : _bWydaw. PC, _c2002. |
||
| 300 |
_a125 s. : _bil. ; _c24 cm. |
||
| 490 | 1 |
_aSkrypty Politechniki Częstochowskiej, _x1234-9909 ; _v42 |
|
| 504 | _aBibliogr. | ||
| 650 | 9 | _aElektronika | |
| 655 | _aPodręczniki akademickie | ||
| 700 | 1 | _aGRZELKA, Janusz | |
| 710 | 0 |
_aPolitechnika Częstochowska _bWydział Inżynierii Mechanicznej i Informatyki |
|
| 830 |
_aSkrypty Politechniki Częstochowskiej, _x1234-9909 ; |
||
| 020 | _a8371931859 | ||
| 040 | _cBPK | ||
| 041 | 0 | _apol | |
| 080 | _a621.38(075.8) | ||
| 920 | _a83-7193-185-9 | ||
| 942 | _cKS | ||
| 008 | s pl f |000 0 pol | ||
| 999 |
_c42903 _d42903 |
||
| 856 |
_uhttp://koha.tu.koszalin.pl/cgi-bin/koha/opac-detail.pl?biblionumber=42903 _yKatalog online BPK |
||